Detalles MARC
| 000 -LIDER |
| fixed length control field |
02389cam a22004093a 4500 |
| 001 - NÚMERO DE CONTROL |
| Identificador de número de control |
0000703 |
| 003 - IDENTIFICACDOR DE NÚMERO DE CONTROL |
| control field |
DO-SdBNP |
| 005 - DATE AND TIME OF LATEST TRANSACTION |
| control field |
20171108115928.0 |
| 007 - CAMPOS FIJOS DE DESCRIPCIÓN FÍSICA |
| fixed length control field |
0000703 |
| 008 - ELEMENTOS DE LONGITUD FIJA |
| fixed length control field |
861112 2012 s a 000 0 spa d |
| 010 ## - NUMERO DE CONTROL DE BIBLIOTECA DEL CONGRESO |
| LC control number |
|
| 020 ## - ISBN |
| International Standard Book Number |
9788449436659 (obra completa) |
| 020 ## - ISBN |
| International Standard Book Number |
9788449436666 (v. 1) |
| 020 ## - ISBN |
| International Standard Book Number |
9788449436673 V. 2) |
| 020 ## - ISBN |
| International Standard Book Number |
9788449436680 (v. 3) |
| 020 ## - ISBN |
| International Standard Book Number |
9788449436697 (v. 4) |
| 040 ## - FUENTE DE CATALOGACIÓN |
| Agencia que crea de manera original el registro |
BPMSU |
| Agencia que realiza la transcripción |
spa |
| Agencia que realiza la modificación |
BPMSU |
| -- |
|
| 092 ## - LOCALLY ASSIGNED DEWEY DECIMAL CALL NUMBER |
| Número de clasificación |
150 |
| Número de ítem (Cutter) |
P974 |
| 245 00 - MENCIÓN DE TITULO |
| Título |
Psicología para todos |
| Subtítulo |
guía completa para el crecimiento personal |
| Mención de responsabilidad |
dirección Carles de Gispert |
| 260 ## - PUBLICACIÓN, DISTRIBUCIÓN, ETC. (PIE DE IMPRENTA) |
| Lugar de publicación, distribución, etc |
Barcelona : |
| Nombre del editor, distribuidor, etc. |
Grupo Oceano, |
| Fecha de publicación, distribución, etc |
2012. |
| 300 ## - DESCRIPCIÓN FÍSICA |
| Extensión |
v. : |
| Otros detalles físicos |
il. |
| Dimensiones |
25 cm. |
| 505 2# - NOTA DE CONTENIDO |
| Información miscelánea |
v. 1 -- |
| Título |
Aprendizaje, conducta y emociones -- |
| -- |
Cerebro y comportamiento van unidos -- |
| -- |
El hambre, su naturaleza y trastornos -- |
| -- |
La sexualidad, mucho más que la reproducción -- |
| -- |
Amor, enamoramiento y desamor -- |
| -- |
La motivación para conquistar nuevas metas -- |
| -- |
Las emociones que acompañan nuestra vida -- |
| -- |
Aprendizaje y capacidad de adaptación -- |
| -- |
Los estilos de aprendizaje y el rendimiento -- |
| 505 2# - NOTA DE CONTENIDO |
| Información miscelánea |
v. 2 -- |
| Título |
Capacidades, personalidad y socialización -- |
| -- |
La memoria, un almacén de información -- |
| -- |
El lenguaje, exclusivamente humano -- |
| -- |
La inteligencia, un concepto polémico -- |
| -- |
El sueño, esa pausa reparadora -- |
| -- |
Nuestra personalidad, única e irrepetible -- |
| -- |
El desarrollo: la infancia la adolescencia -- |
| 505 2# - NOTA DE CONTENIDO |
| Información miscelánea |
v. 3 -- |
| Título |
Relaciones de grupo, estrés y dolor -- |
| -- |
La evolución de la psicología humana -- |
| -- |
Nuestra conducta en sociedad -- |
| -- |
Influencia del grupo -- |
| -- |
La violencia y la solidaridad -- |
| -- |
El estrés, una situación a punto de estallar -- |
| -- |
La experiencia del dolor -- |
| -- |
Las somatizaciones (o el "usted no tiene nada") -- |
| 505 2# - NOTA DE CONTENIDO |
| Información miscelánea |
v. 4 -- |
| Título |
Trastornos, somatizaciones y terapias -- |
| -- |
Estar y ser enfermo -- |
| -- |
La medicina psicosomática, para tratarlo todo -- |
| -- |
Los trastornos mentales -- |
| -- |
Psicología, los orígenes de una ciencia -- |
| -- |
La modificación terapéutica de la conducta -- |
| -- |
Índice analítico -- |
| 600 00 - ENCABEZAMIENTO DE MATERIA--NOMBRE PERSONAL |
| Nombre personal |
|
| Subdivisión temática general |
|
| 650 #4 - ENCABEZAMIENTO DE MATERIA--TEMÁTICO |
| Término temático o nombre geográfico como elemento de entrada |
PSICOLOGÍA |
| 650 #4 - ENCABEZAMIENTO DE MATERIA--TEMÁTICO |
| Término temático o nombre geográfico como elemento de entrada |
APRENDIZAJE |
| 650 #4 - ENCABEZAMIENTO DE MATERIA--TEMÁTICO |
| Término temático o nombre geográfico como elemento de entrada |
CONDUCTA (PSICOLOGÍA) |
| 650 #4 - ENCABEZAMIENTO DE MATERIA--TEMÁTICO |
| Término temático o nombre geográfico como elemento de entrada |
EMOCIONES |
| 650 #4 - ENCABEZAMIENTO DE MATERIA--TEMÁTICO |
| Término temático o nombre geográfico como elemento de entrada |
PERSONALIDAD |
| 650 #4 - ENCABEZAMIENTO DE MATERIA--TEMÁTICO |
| Término temático o nombre geográfico como elemento de entrada |
TRASTORNOS MENTALES |
| 700 12 - ASIENTO SECUNDARIO -- NOMBRE PERSONAL |
| Nombre personal |
Gispert, Carles |
| Mención de responsabilidad |
dir. |
| 942 ## - ADDED ENTRY ELEMENTS (KOHA) |
| Source of classification or shelving scheme |
Dewey Decimal Classification |
| Koha item type |
Libros |
| 945 ## - INFORMACIÓN DE PROCESAMIENTO LOCAL |
| Información de procesamiento local |
Inventariado extranjero / 2017 VM |
| 956 ## - LOCAL ELECTRONIC LOCATION AND ACCESS (OCLC) |
| Método de acceso |
YLOCKWARD |
| Materiales especificados |
10 |
| Campo enlazado y núm. de secuencia |
BPMSU |